000 00760nam a2200253 i 4500
001 bg
100 1 _aBAIN, Steve
245 1 0 _aCorelDRAW 12 :
_boficjalny podręcznik /
_cSteve Bain, Nick Wilkinson ; [tł. Zenon Zabłocki].
260 _aGliwice :
_b"Helion",
_c2004.
300 _a687 s., [8] s. tabl. :
_bil. (w tym kolor.) ;
_c25 cm.
504 _aIndeks.
650 9 _aCorelDRAW
655 _aPodręczniki
700 1 _aWILKINSON, Nick
700 1 _aZABŁOCKI, Zenon.
_eRed.
020 _a8373615156
040 _cBPK
041 1 _apol
080 _a004.42:004.92](07)
920 _a83-7361-515-6
942 _cKS
008 s pl f |000 0 pol
999 _c44932
_d44932
856 _uhttp://koha.tu.koszalin.pl/cgi-bin/koha/opac-detail.pl?biblionumber=44932
_yKatalog online BPK